Meister eckhart / (Record no. 90708)

MARC details
000 -LEADER
fixed length control field 00845nam a2200289 a 4500
001 - CONTROL NUMBER
control field vtls000085184
003 - CONTROL NUMBER IDENTIFIER
control field NLI
005 - DATE AND TIME OF LATEST TRANSACTION
control field 20210601195139.0
008 - FIXED-LENGTH DATA ELEMENTS--GENERAL INFORMATION
fixed length control field 101125s1947 enk 000 0 eng
020 ## - INTERNATIONAL STANDARD BOOK NUMBER
Terms of availability Rs. 20.00
039 #9 - LEVEL OF BIBLIOGRAPHIC CONTROL AND CODING DETAIL [OBSOLETE]
-- 201011250923
-- VLOAD
040 0# - CATALOGING SOURCE
Original cataloging agency NLI
Language of cataloging eng
Transcribing agency Entertech-2003
Description conventions AACR2
041 1# - LANGUAGE CODE
Language code of text/sound track or separate title eng
044 ## - COUNTRY OF PUBLISHING/PRODUCING ENTITY CODE
MARC country code enk
082 04 - DEWEY DECIMAL CLASSIFICATION NUMBER
Classification number 189.5
100 1# - MAIN ENTRY--PERSONAL NAME
Personal name Pfeiffer, Franz
9 (RLIN) 194581
245 10 - TITLE STATEMENT
Title Meister eckhart /
Statement of responsibility, etc. by Franz Pfeiffer ; translation with some omissions and additions by C. De B. Evans
260 ## - PUBLICATION, DISTRIBUTION, ETC.
Place of publication, distribution, etc. London :
Name of publisher, distributor, etc. John M. Watkins,
Date of publication, distribution, etc. 1947
300 ## - PHYSICAL DESCRIPTION
Extent xx, 483 ;
Dimensions 22 cm.
650 #0 - SUBJECT ADDED ENTRY--TOPICAL TERM
Topical term or geographic name entry element Mysticism
9 (RLIN) 152504
700 1# - ADDED ENTRY--PERSONAL NAME
Personal name Evans, C. De B,
Relationship trl
9 (RLIN) 194582
887 ## - NON-MARC INFORMATION FIELD
Content of non-MARC field
901 ## - LOCAL DATA ELEMENT A, LDA (RLIN)
a G19973
b 16.11.1970
902 ## - LOCAL DATA ELEMENT B, LDB (RLIN)
a E189.5 P476
949 ## - LOCAL PROCESSING INFORMATION (OCLC)
-- VIRTUAITEM
-- 10000
-- 100
6 GXX000019973ENG
942 ## - ADDED ENTRY ELEMENTS (KOHA)
Source of classification or shelving scheme Dewey Decimal Classification
Koha item type Books
Holdings
Withdrawn status Lost status Damaged status Not for loan Collection code Home library Current library Shelving location Date acquired Total Checkouts Full call number Barcode Date last seen Price effective from Koha item type
        New English National Library of India National Library of India New English - Main Stack Division     E189.5 P476 GXX000019973ENG 01/06/2021 01/06/2021 Books
                                                                           
web counter

Copyright ©2020 The National Library of India, Govt. of India ↔ Hosted by NVLI, MOC ↔ Technology and Design by National Library of India, Ministry of Culture, Govt. of India